Vệ sinh dinh dưỡng và các loại thuốc đặc hiệu cho vận động viên

Wedi'i Gadw mewn:
Manylion Llyfryddiaeth
Prif Awdur: Trịnh Hùng Thanh
Fformat: Llyfr
Iaith:Undetermined
Cyhoeddwyd: Hà Nội TDTT 1999
Pynciau:
Tagiau: Ychwanegu Tag
Dim Tagiau, Byddwch y cyntaf i dagio'r cofnod hwn!
Thư viện lưu trữ: Trung tâm Học liệu Trường Đại học Cần Thơ
LEADER 00642nam a2200193Ia 4500
001 CTU_43581
008 210402s9999 xx 000 0 und d
020 |b 24.000đ 
082 |a 613 
082 |b Th107 
100 |a Trịnh Hùng Thanh 
245 0 |a Vệ sinh dinh dưỡng và các loại thuốc đặc hiệu cho vận động viên 
245 0 |c Trịnh Hùng Thanh, Nguyễn Thị Kim Hưng, Đào Duy Thư 
260 |a Hà Nội 
260 |b TDTT 
260 |c 1999 
650 |a primary health care,public health 
904 |i Minh, 010919 
980 |a Trung tâm Học liệu Trường Đại học Cần Thơ